| 000 | 00509nam a2200169Ia 4500 | ||
|---|---|---|---|
| 008 | 090201s9999 xx 000 0 und d | ||
| 010 | _aKPL-23465 | ||
| 040 | _bमराठी | ||
| 041 | _aमराठी | ||
| 082 |
_a40155 _b23465 |
||
| 100 | _aल. ग. जोग | ||
| 245 |
_aअरुपाचे रुप _cल. ग. जोग |
||
| 260 |
_c2004 _bनवसाहित्य प्रकाशन |
||
| 300 |
_a235 _bमोठा |
||
| 600 | _aअरुपाचे रुप | ||
| 942 | _cBOOK | ||
| 999 |
_c237425 _d237425 |
||